| 000 | 02474nam0a2200385 i 4500 | ||
|---|---|---|---|
| 001 | RU\NLR\BIBL_A\010007385 | ||
| 005 | 20260408111801.0 | ||
| 021 |
_aRU _b2013-82173 _95679 |
||
| 035 | _a(NILC)RuMoRGB-006679877 | ||
| 035 | _a(NLR Aleph) 010007385 | ||
| 090 |
_a9833723 _c9833723 |
||
| 100 | _a20131125d2013 k y0rusy50 ca | ||
| 101 | 0 | _arus | |
| 102 | _aRU | ||
| 105 | _aac||z|||100yy | ||
| 200 | 1 |
_aАктуальные проблемы защиты и безопасности _eпленарные доклады XVI Всероссийской научно-практической конференции [РАРАН, 3-6 апреля 2013 г. _fсост. и ред.: чл.-кор. РАН, акад. РАРАН, д.т.н., проф. М. В. Сильников и др.] |
|
| 210 |
_aСанкт-Петербург _cНПО специальных материалов _d2013 |
||
| 215 |
_a107, [2] с., [9] л. цв. ил., портр. _cил., цв. ил., портр. _d28 |
||
| 300 | _aВ надзаг.: Гос. учреждение Рос. акад. ракетных и артиллерийских наук | ||
| 300 | _aНа обл.: Материалы XVI Всероссийской научно-практической конференции "Актуальные проблемы защиты и безопасности" | ||
| 320 | _aБиблиогр. в конце отд. ст. | ||
| 512 | 1 | _aМатериалы XVI Всероссийской научно-практической конференции "Актуальные проблемы защиты и безопасности" | |
| 607 |
_aРоссийская Федерация _jСъезды, совещания и т.п. _xВоенная безопасность _92325652 _3RU\NLR\auth\661391080 |
||
| 675 | _a355.359(082) | ||
| 686 | 1 | _aЦ8(2Р)1я431 | |
| 702 | 1 |
_aСильников _bМ. В. _f1961- _gМихаил Владимирович _4220 _4340 |
|
| 711 | 1 | 2 |
_a"Актуальные проблемы защиты и безопасности", всероссийская научно-практическая конференция _d16 _f2013 _eСанкт-Петербург _3RU\NLR\AUTH\880358491 _9384487 |
| 801 | 0 |
_aRU _bRuMoRKP _c20131014 _gRCR |
|
| 801 | 2 |
_aRU _bРГБ _c20131108 _grcr |
|
| 801 | 1 |
_aRU _bRuMoRKP _c20131014 _2rusmarc |
|
| 942 | _cBOOK | ||
| 980 | _aNBR | ||